000 00832pam a2200289 a 4500
001 1406098
003 OSt
005 20180116183050.0
008 830610s1984 nyua b 001 0 eng
010 _a 83012074
020 _a0070389616
_c$24.95 (est.)
040 _aDLC
_cDLC
_dDLC
050 0 0 _aHG221
_b.L882 1984
082 0 0 _a332.1 LUC 1984
_219
100 1 _aLuckett, Dudley G.
245 1 0 _aMoney and banking /
_cDudley G. Luckett.
250 _a3rd ed.
260 _aNew York :
_bMcGraw-Hill,
_cc1984.
300 _axvii, 584 p. :
_bill. ;
_c25 cm.
_ePB
440 _aMoney and banking /
504 _aIncludes bibliographical references and index.
650 0 _aMoney.
650 0 _aMonetary policy.
650 0 _aBanks and banking.
906 _a7
_bcbc
_corignew
_d1
_eocip
_f19
_gy-gencatlg
942 _2ddc
_cBK
999 _c351612
_d351612